Green paper neboli Zelená kniha Cesta k Evropskému měnovému systému

Zamyslenie nad obsahom dokumentu EÚ Zelená kniha. Charakteristika a zameranie Zelenej knihy. Problematika Európskej menovej únie (EMÚ). Časový plán na ceste k EMÚ (trojfázový plán). Prínosy predpokladaného zavedenia jednotnej meny. Legislatíva a technické záležitosti spojené so zavedením jednotnej m...

Description complète

Enregistré dans:
Détails bibliographiques
Auteur principal: Zahradník, Petr
Format: Chapitre de livre
Langue:tchèque
Sujets:
Tags: Ajouter un tag
Pas de tags, Soyez le premier à ajouter un tag!

MARC

LEADER 00000naa a2200000 4500
001 r017956
005 20221208130727.9
041 0 |a cze 
044 |a CZ 
245 1 0 |a Green paper neboli Zelená kniha  |b Cesta k Evropskému měnovému systému  |c P. Zahradník 
520 |a Zamyslenie nad obsahom dokumentu EÚ Zelená kniha. Charakteristika a zameranie Zelenej knihy. Problematika Európskej menovej únie (EMÚ). Časový plán na ceste k EMÚ (trojfázový plán). Prínosy predpokladaného zavedenia jednotnej meny. Legislatíva a technické záležitosti spojené so zavedením jednotnej meny. Skúsenosti Rakúska s EÚ - január 1995 - vstup Rakúska do EÚ. 
610 2 0 |a Európska únia 
610 2 0 |a dokumenty 
610 2 0 |a Zelená kniha 
610 2 0 |a Európsky menový systém 
610 2 0 |a únie menové 
610 2 0 |a legislatíva 
610 2 0 |a Rakúsko 
100 1 |a Zahradník, Petr